000 00515nam a2200169Ia 4500
005 20250117093646.0
008 231217s9999 xx 000 0 und d
020 _a817881059X
082 _a657 SEE.4;1 R
100 _aSeethapathi, K. Srinivas, N. Padmavathi, C ed.
245 0 _aAccounting standards V.4 : fixed assets, other assests
260 _c2002
_bIcfai
_aHyderabad
300 _avi, 174+xiv
400 _aAccounting series
650 _aAccounting,standards,V.4,fixed,assets,,assests
942 _cAA
999 _c186895
_d186895